| 000 | 02063nam0a2200337 4500 | ||
|---|---|---|---|
| 001 | RU\NLR\bibl\402526 | ||
| 005 | 20250622164526.0 | ||
| 010 |
_a5-94879-062-2 _98000 |
||
| 021 |
_aRU _b2003-14644 _9684 |
||
| 021 |
_aRU _b2003-19746 _9909 |
||
| 035 | _a(NLR Aleph) 000396675 | ||
| 090 |
_a549286 _c549286 |
||
| 100 | _a20030526d2003 |||y0rusy50 ca | ||
| 101 | 0 | _arus | |
| 102 | _aRU | ||
| 105 | _ay ||||||||| | ||
| 200 | 1 |
_aКомментарий к Гражданскому процессуальному кодексу Российской Федерации _fПравовое упр. Аппарата Гос. Думы Федер. Собрания Рос. Федерации _g[Авт. коммент. Лебедев П.А. и др.] _gОтв. ред. Г.П. Ивлиев |
|
| 210 |
_aМ. _cЮрайт _d2003 |
||
| 215 |
_a557, [1] с. _d22 |
||
| 225 | 1 | _aСерия "Профессиональные комментарии" | |
| 604 |
_171001$aРоссийская Федерация _150011$aГражданский процессуальный кодекс$jКомментарии$2nlr_sh2$3RU\NLR\AUTH\661262192 _aРоссийская Федерация _tГражданский процессуальный кодекс _jКомментарии _92086065 _3RU\NLR\AUTH\661262192 |
||
| 604 |
_171001$aРоссийская Федерация. Законы _150011$aГражданский процессуальный кодекс Российской Федерации$2psbo _aРоссийская Федерация. Законы _tГражданский процессуальный кодекс Российской Федерации |
||
| 606 | 0 |
_aГражданский процессуальный кодекс _jКомментарии _yРоссийская Федерация _92075486 _3RU\NLR\auth\661250561 |
|
| 686 | _aХ629.2-324.9(2Р) | ||
| 702 | 1 |
_aЛебедев _bП. А. _4220 |
|
| 702 | 1 |
_aИвлиев _bГ. П. _4340 |
|
| 801 | 0 |
_aRU _bNLR _c20030526 _gPSBO |
|
| 801 | 1 |
_aRU _bNLR _c20030526 |
|
| 942 | _cBOOK | ||
| 980 | _aNB | ||